[Event "45th FIDE Chess Olympiad Open"]
[Site "Budapest, Hungary"]
[Date "2024.09.22"]
[Round "11"]
[White "Antoniou, Rafail"]
[Black "Junior, Domingos"]
[Result "0-1"]
[Board "191"]
[WhiteFideId "5904390"]
[BlackFideId "10105972"]
[WhiteTitle "CM"]
[BlackTitle "FM"]
[WhiteElo "2007"]
[BlackElo "2183"]
[WhiteTeam "Cyprus"]
[BlackTeam "Angola"]
[WhiteClock "0:12:36"]
[BlackClock "0:15:54"]
[Variant "Standard"]

1. e4 {[%clk 1:30:53]}  c6 {[%clk 1:29:55]} 2. d4 {[%clk 1:31:07]}  d5 {[%clk 1:29:37]} 3. Nc3 {[%clk 1:29:53]}  dxe4 {[%clk 1:30:05]} 4. Nxe4 {[%clk 1:30:16]}  Nd7 {[%clk 1:30:29]} 5. Ng5 {[%clk 1:29:13]}  Ngf6 {[%clk 1:29:26]} 6. Bd3 {[%clk 1:28:54]}  e6 {[%clk 1:29:08]} 7. N1f3 {[%clk 1:28:23]}  Bd6 {[%clk 1:28:30]} 8. Qe2 {[%clk 1:25:32]}  h6 {[%clk 1:27:25]} 9. Ne4 {[%clk 1:25:51]}  Nxe4 {[%clk 1:27:45]} 10. Qxe4 {[%clk 1:26:15]}  Nf6 {[%clk 1:28:03]} 11. Qe2 {[%clk 1:25:24]}  Qc7 {[%clk 1:27:38]} 12. O-O {[%clk 1:24:40]}  Bd7 {[%clk 1:22:19]} 13. Ne5 {[%clk 1:23:16]}  Bxe5 {[%clk 1:20:57]} 14. dxe5 {[%clk 1:23:05]}  Nd5 {[%clk 1:21:05]} 15. a3 {[%clk 1:07:36]}  c5 {[%clk 1:15:24]} 16. c4 {[%clk 1:06:08]}  Ne7 {[%clk 1:14:30]} 17. f4 {[%clk 1:03:04]}  Bc6 {[%clk 0:55:29]} 18. Be3 {[%clk 0:52:52]}  b6 {[%clk 0:54:25]} 19. b4 {[%clk 0:51:24]}  cxb4 {[%clk 0:51:32]} 20. axb4 {[%clk 0:51:48]}  Qb7 {[%clk 0:49:15]} 21. Bd2 {[%clk 0:38:08]}  a6 {[%clk 0:42:52]} 22. b5 {[%clk 0:37:53]}  axb5 {[%clk 0:42:27]} 23. cxb5 {[%clk 0:37:58]}  Rxa1 {[%clk 0:41:02]} 24. Rxa1 {[%clk 0:38:18]}  Bd5 {[%clk 0:41:23]} 25. Ra6 {[%clk 0:34:20]}  O-O {[%clk 0:33:23]} 26. Qf2 {[%clk 0:32:45]}  Rb8 {[%clk 0:32:06]} 27. Be3 {[%clk 0:32:42]}  Nc8 {[%clk 0:31:35]} 28. h3 {[%clk 0:25:04]}  Be4 {[%clk 0:30:08]} 29. Bf1 {[%clk 0:25:12]}  Qc7 {[%clk 0:29:02]} 30. Kh2 {[%clk 0:24:58]}  Qd8 {[%clk 0:17:51]} 31. Be2 {[%clk 0:22:31]}  Qc7 {[%clk 0:15:13]} 32. Ra4 {[%clk 0:21:47]}  Bd5 {[%clk 0:13:52]} 33. Ra1 {[%clk 0:20:17]}  Ne7 {[%clk 0:13:39]} 34. Ra6 {[%clk 0:20:22]}  Nc8 {[%clk 0:13:39]} 35. Qg1 {[%clk 0:17:47]}  Qc2 {[%clk 0:13:09]} 36. Bf1 {[%clk 0:11:55]}  Bc4 {[%clk 0:12:39]} 37. Bxc4 {[%clk 0:10:38]}  Qxc4 {[%clk 0:13:06]} 38. Qb1 {[%clk 0:10:42]}  Ne7 {[%clk 0:12:40]} 39. Ra2 {[%clk 0:08:31]}  Rc8 {[%clk 0:10:58]} 40. Rf2 {[%clk 0:00:31]}  Nd5 {[%clk 0:10:47]} 41. Bd2 {[%clk 0:25:51]}  Rc5 {[%clk 0:40:12]} 42. Qa1 {[%clk 0:22:24]}  Qxb5 {[%clk 0:38:59]} 43. Qa8+ {[%clk 0:22:33]}  Kh7 {[%clk 0:39:12]} 44. f5 {[%clk 0:22:53]}  exf5 {[%clk 0:37:39]} 45. Rxf5 {[%clk 0:20:12]}  Qd7 {[%clk 0:35:10]} 46. Rf3 {[%clk 0:18:20]}  Qe6 {[%clk 0:33:26]} 47. Qb8 {[%clk 0:18:39]}  Rc8 {[%clk 0:27:07]} 48. Qd6 {[%clk 0:18:31]}  Re8 {[%clk 0:25:07]} 49. Bf4 {[%clk 0:18:56]}  Nxf4 {[%clk 0:20:50]} 50. Rxf4 {[%clk 0:19:23]}  Qxe5 {[%clk 0:21:08]} 51. Qxe5 {[%clk 0:19:48]}  Rxe5 {[%clk 0:21:32]} 52. Rxf7 {[%clk 0:20:15]}  Kg6 {[%clk 0:21:34]} 53. Rb7 {[%clk 0:20:39]}  Rb5 {[%clk 0:21:20]} 54. Kg3 {[%clk 0:20:40]}  Rb4 {[%clk 0:21:23]} 55. Kf3 {[%clk 0:21:01]}  Kf6 {[%clk 0:21:47]} 56. Rb8 {[%clk 0:20:36]}  h5 {[%clk 0:20:43]} 57. Rf8+ {[%clk 0:19:45]}  Kg5 {[%clk 0:19:55]} 58. g3 {[%clk 0:16:57]}  b5 {[%clk 0:19:08]} 59. Rf7 {[%clk 0:17:10]}  Kg6 {[%clk 0:19:04]} 60. Rb7 {[%clk 0:17:25]}  Kf6 {[%clk 0:18:42]} 61. h4 {[%clk 0:15:34]}  g6 {[%clk 0:17:39]} 62. Rd7 {[%clk 0:14:56]}  Rg4 {[%clk 0:17:12]} 63. Rd5 {[%clk 0:14:23]}  b4 {[%clk 0:17:40]} 64. Rd8 {[%clk 0:14:36]}  Ke5 {[%clk 0:17:30]} 65. Rd7 {[%clk 0:14:34]}  Rc4 {[%clk 0:16:59]} 66. Rg7 {[%clk 0:14:17]}  Kd4 {[%clk 0:14:56]} 67. Ke2 {[%clk 0:13:51]}  Kc3 {[%clk 0:14:56]} 68. Rxg6 {[%clk 0:13:32]}  b3 {[%clk 0:15:14]} 69. Rb6 {[%clk 0:12:14]}  b2 {[%clk 0:15:26]} 70. Kd1 {[%clk 0:12:36]}  Rd4+ {[%clk 0:15:54]} 0-1

[Event "45th FIDE Chess Olympiad Open"]
[Site "Budapest, Hungary"]
[Date "2024.09.22"]
[Round "11"]
[White "Domingos, Catarino"]
[Black "Kefalas, Loukas"]
[Result "1-0"]
[Board "192"]
[WhiteFideId "10100253"]
[BlackFideId "5901120"]
[WhiteTitle "IM"]
[WhiteElo "2229"]
[BlackElo "1912"]
[WhiteTeam "Angola"]
[BlackTeam "Cyprus"]
[WhiteClock "0:12:19"]
[BlackClock "0:00:35"]
[Variant "Standard"]

1. Nf3 {[%clk 1:30:52]}  Nf6 {[%clk 1:29:38]} 2. g3 {[%clk 1:31:18]}  d5 {[%clk 1:28:56]} 3. Bg2 {[%clk 1:31:44]}  Bg4 {[%clk 1:27:34]} 4. c4 {[%clk 1:31:10]}  c6 {[%clk 1:25:50]} 5. O-O {[%clk 1:31:00]}  e6 {[%clk 1:19:35]} 6. d4 {[%clk 1:30:21]}  Nbd7 {[%clk 1:17:54]} 7. Bf4 {[%clk 1:27:04]}  Be7 {[%clk 1:09:27]} 8. Qb3 {[%clk 1:23:27]}  Qb6 {[%clk 1:00:57]} 9. Nc3 {[%clk 1:19:28]}  O-O {[%clk 0:58:13]} 10. c5 {[%clk 1:16:25]}  Qa6 {[%clk 0:55:03]} 11. Qc2 {[%clk 1:06:45]}  Bf5 {[%clk 0:43:04]} 12. Qd2 {[%clk 1:06:09]}  b6 {[%clk 0:36:55]} 13. b4 {[%clk 1:05:31]}  h6 {[%clk 0:33:26]} 14. Rfc1 {[%clk 1:03:35]}  Qb7 {[%clk 0:33:03]} 15. Ne1 {[%clk 1:01:34]}  Rfc8 {[%clk 0:31:36]} 16. Nd3 {[%clk 1:00:07]}  a5 {[%clk 0:26:40]} 17. a3 {[%clk 0:50:39]}  Qa6 {[%clk 0:21:19]} 18. Qd1 {[%clk 0:42:36]}  Bxd3 {[%clk 0:12:32]} 19. exd3 {[%clk 0:42:26]}  Ne8 {[%clk 0:10:31]} 20. Rab1 {[%clk 0:39:31]}  Bf6 {[%clk 0:08:04]} 21. Ne2 {[%clk 0:36:02]}  axb4 {[%clk 0:03:23]} 22. axb4 {[%clk 0:34:17]}  b5 {[%clk 0:02:58]} 23. Be3 {[%clk 0:34:20]}  Qb7 {[%clk 0:02:19]} 24. Nf4 {[%clk 0:33:51]}  g6 {[%clk 0:01:41]} 25. Qg4 {[%clk 0:32:10]}  Kh7 {[%clk 0:01:38]} 26. h4 {[%clk 0:30:43]}  Ng7 {[%clk 0:01:33]} 27. Qf3 {[%clk 0:26:47]}  Nf5 {[%clk 0:00:53]} 28. Bh3 {[%clk 0:21:59]}  Nxd4 {[%clk 0:00:44]} 29. Bxd4 {[%clk 0:16:51]}  Bxd4 {[%clk 0:00:56]} 30. Nxd5 {[%clk 0:16:42]}  Ne5 {[%clk 0:00:44]} 31. Nf6+ {[%clk 0:16:00]}  Kg7 {[%clk 0:00:55]} 32. Qf4 {[%clk 0:16:01]}  Ra2 {[%clk 0:00:48]} 33. Ng4 {[%clk 0:14:20]}  Nxg4 {[%clk 0:00:39]} 34. Qxd4+ {[%clk 0:14:18]}  Nf6 {[%clk 0:00:44]} 35. Ra1 {[%clk 0:12:22]}  Re2 {[%clk 0:00:36]} 36. Bf1 {[%clk 0:12:03]}  Rd2 {[%clk 0:00:35]} 37. Qc3 {[%clk 0:12:19]} 1-0

[Event "45th FIDE Chess Olympiad Open"]
[Site "Budapest, Hungary"]
[Date "2024.09.22"]
[Round "11"]
[White "Almedina Ortiz, Edgardo J."]
[Black "Wiedenkeller, Michael"]
[Result "1/2-1/2"]
[Board "193"]
[WhiteFideId "3100197"]
[BlackFideId "1700146"]
[WhiteTitle "FM"]
[BlackTitle "IM"]
[WhiteElo "2196"]
[BlackElo "2406"]
[WhiteTeam "Puerto Rico"]
[BlackTeam "Luxembourg"]
[WhiteClock "0:07:03"]
[BlackClock "0:01:59"]
[Variant "Standard"]

1. d4 {[%clk 1:30:55]}  d5 {[%clk 1:30:44]} 2. Bf4 {[%clk 1:31:16]}  c5 {[%clk 1:30:52]} 3. e3 {[%clk 1:31:36]}  Nc6 {[%clk 1:31:08]} 4. Nf3 {[%clk 1:28:40]}  Nf6 {[%clk 1:30:57]} 5. c3 {[%clk 1:28:28]}  Qb6 {[%clk 1:29:34]} 6. Qb3 {[%clk 1:28:48]}  c4 {[%clk 1:29:43]} 7. Qc2 {[%clk 1:29:10]}  Bf5 {[%clk 1:29:49]} 8. Qc1 {[%clk 1:29:32]}  e6 {[%clk 1:27:36]} 9. h3 {[%clk 1:29:24]}  h6 {[%clk 1:26:49]} 10. Nbd2 {[%clk 1:29:41]}  Rc8 {[%clk 1:25:06]} 11. Be2 {[%clk 1:29:54]}  Qd8 {[%clk 1:14:13]} 12. Ne5 {[%clk 1:22:03]}  Nxe5 {[%clk 1:08:33]} 13. Bxe5 {[%clk 1:22:20]}  Bd6 {[%clk 1:08:35]} 14. f4 {[%clk 1:12:32]}  Ne4 {[%clk 1:02:03]} 15. Nxe4 {[%clk 1:11:05]}  Bxe4 {[%clk 1:02:11]} 16. Bxd6 {[%clk 1:10:48]}  Qxd6 {[%clk 1:02:19]} 17. O-O {[%clk 1:10:39]}  O-O {[%clk 0:55:32]} 18. b4 {[%clk 1:07:36]}  g5 {[%clk 0:45:18]} 19. a4 {[%clk 0:56:53]}  Rc7 {[%clk 0:38:05]} 20. Ra2 {[%clk 0:49:52]}  f5 {[%clk 0:38:01]} 21. Bf3 {[%clk 0:49:27]}  Bd3 {[%clk 0:32:08]} 22. Be2 {[%clk 0:49:13]}  Be4 {[%clk 0:32:09]} 23. Bf3 {[%clk 0:48:29]}  Rg7 {[%clk 0:32:32]} 24. Bxe4 {[%clk 0:45:55]}  dxe4 {[%clk 0:32:54]} 25. Qe1 {[%clk 0:39:26]}  Kh7 {[%clk 0:31:50]} 26. fxg5 {[%clk 0:20:04]}  hxg5 {[%clk 0:24:24]} 27. g3 {[%clk 0:20:00]}  Kg6 {[%clk 0:23:44]} 28. Rg2 {[%clk 0:19:37]}  Rh8 {[%clk 0:22:11]} 29. h4 {[%clk 0:19:23]}  Kf6 {[%clk 0:18:19]} 30. hxg5+ {[%clk 0:15:40]}  Rxg5 {[%clk 0:18:39]} 31. Rf4 {[%clk 0:15:55]}  Qd7 {[%clk 0:15:55]} 32. Rh4 {[%clk 0:11:21]}  Rhg8 {[%clk 0:14:34]} 33. Rh6+ {[%clk 0:10:41]}  Kg7 {[%clk 0:13:37]} 34. Rgh2 {[%clk 0:10:29]}  Qd6 {[%clk 0:11:50]} 35. R2h3 {[%clk 0:09:15]}  Kf7 {[%clk 0:08:08]} 36. Kh2 {[%clk 0:07:39]}  R8g7 {[%clk 0:05:41]} 37. R6h5 {[%clk 0:07:11]}  Rg4 {[%clk 0:05:27]} 38. R5h4 {[%clk 0:07:13]}  R4g5 {[%clk 0:02:51]} 39. Rh5 {[%clk 0:07:17]}  Rg4 {[%clk 0:01:59]} 40. R5h4 {[%clk 0:07:03]} 1/2-1/2

[Event "45th FIDE Chess Olympiad Open"]
[Site "Budapest, Hungary"]
[Date "2024.09.22"]
[Round "11"]
[White "Berend, Fred"]
[Black "Rodriguez Santiago, Jaime"]
[Result "1-0"]
[Board "194"]
[WhiteFideId "4000102"]
[BlackFideId "3100898"]
[WhiteTitle "IM"]
[BlackTitle "FM"]
[WhiteElo "2230"]
[BlackElo "2002"]
[WhiteTeam "Luxembourg"]
[BlackTeam "Puerto Rico"]
[WhiteClock "0:08:25"]
[BlackClock "0:01:00"]
[Variant "Standard"]

1. Nf3 {[%clk 1:30:51]}  Nf6 {[%clk 1:30:54]} 2. c4 {[%clk 1:31:17]}  e6 {[%clk 1:31:11]} 3. g3 {[%clk 1:31:42]}  d5 {[%clk 1:31:36]} 4. Bg2 {[%clk 1:32:09]}  dxc4 {[%clk 1:30:54]} 5. Qa4+ {[%clk 1:32:02]}  Nbd7 {[%clk 1:31:03]} 6. Qxc4 {[%clk 1:32:03]}  a6 {[%clk 1:30:54]} 7. O-O {[%clk 1:30:19]}  c5 {[%clk 1:30:42]} 8. Qc2 {[%clk 1:29:53]}  Be7 {[%clk 1:28:33]} 9. a4 {[%clk 1:29:05]}  O-O {[%clk 1:27:36]} 10. d3 {[%clk 1:28:18]}  Nd5 {[%clk 1:26:28]} 11. a5 {[%clk 1:25:49]}  Qc7 {[%clk 1:23:17]} 12. Bd2 {[%clk 1:25:26]}  b5 {[%clk 1:13:19]} 13. axb6 {[%clk 1:24:48]}  N5xb6 {[%clk 1:13:22]} 14. Ba5 {[%clk 1:23:03]}  Bb7 {[%clk 1:12:10]} 15. Nbd2 {[%clk 1:22:59]}  Qb8 {[%clk 1:09:54]} 16. Rfc1 {[%clk 1:19:08]}  Rc8 {[%clk 1:08:36]} 17. Nc4 {[%clk 1:04:31]}  Nxc4 {[%clk 1:00:52]} 18. Qxc4 {[%clk 1:04:54]}  Bd5 {[%clk 1:00:53]} 19. Qa4 {[%clk 1:04:07]}  Ra7 {[%clk 0:59:02]} 20. Bc3 {[%clk 1:03:09]}  c4 {[%clk 0:43:14]} 21. Bd4 {[%clk 0:55:56]}  Bc5 {[%clk 0:43:24]} 22. e4 {[%clk 0:49:53]}  Bxd4 {[%clk 0:33:45]} 23. Nxd4 {[%clk 0:49:38]}  Qxb2 {[%clk 0:33:28]} 24. exd5 {[%clk 0:47:10]}  Qxd4 {[%clk 0:32:10]} 25. Rxc4 {[%clk 0:44:51]}  Rxc4 {[%clk 0:30:42]} 26. dxc4 {[%clk 0:44:48]}  exd5 {[%clk 0:29:51]} 27. Bxd5 {[%clk 0:41:39]}  g6 {[%clk 0:29:58]} 28. Rd1 {[%clk 0:38:20]}  Qf6 {[%clk 0:29:56]} 29. Re1 {[%clk 0:24:43]}  Qd6 {[%clk 0:21:46]} 30. Qd1 {[%clk 0:21:30]}  Qf6 {[%clk 0:19:21]} 31. Qb1 {[%clk 0:16:10]}  Qd6 {[%clk 0:17:33]} 32. Rd1 {[%clk 0:09:56]}  Qc5 {[%clk 0:14:33]} 33. Qb2 {[%clk 0:08:43]}  Rc7 {[%clk 0:12:44]} 34. Re1 {[%clk 0:06:42]}  Qf8 {[%clk 0:06:15]} 35. Re3 {[%clk 0:05:42]}  Nc5 {[%clk 0:04:17]} 36. Qe5 {[%clk 0:03:12]}  Qd8 {[%clk 0:02:01]} 37. h4 {[%clk 0:02:26]}  Nd7 {[%clk 0:01:56]} 38. Qd4 {[%clk 0:02:18]}  Qf6 {[%clk 0:01:52]} 39. Qe4 {[%clk 0:01:27]}  Nf8 {[%clk 0:01:16]} 40. Rf3 {[%clk 0:01:03]}  Qd8 {[%clk 0:00:38]} 41. h5 {[%clk 0:00:45]}  Re7 {[%clk 0:00:34]} 42. Qf4 {[%clk 0:00:46]}  Qe8 {[%clk 0:23:36]} 43. h6 {[%clk 0:27:02]}  Re1+ {[%clk 0:22:58]} 44. Kg2 {[%clk 0:26:27]}  Ne6 {[%clk 0:21:18]} 45. Qd2 {[%clk 0:26:34]}  Nd8 {[%clk 0:14:59]} 46. Qc3 {[%clk 0:26:01]}  Qe5 {[%clk 0:07:49]} 47. Qa5 {[%clk 0:19:30]}  Qe7 {[%clk 0:07:52]} 48. Qxa6 {[%clk 0:16:59]}  Qe2 {[%clk 0:07:05]} 49. Rf4 {[%clk 0:13:51]}  Qf1+ {[%clk 0:07:15]} 50. Kh2 {[%clk 0:14:20]}  Qg1+ {[%clk 0:04:24]} 51. Kh3 {[%clk 0:14:45]}  Qf1+ {[%clk 0:04:49]} 52. Bg2 {[%clk 0:14:31]}  Qe2 {[%clk 0:04:11]} 53. Qf6 {[%clk 0:09:35]}  Qe6+ {[%clk 0:04:23]} 54. Kh2 {[%clk 0:09:45]}  Qxf6 {[%clk 0:03:47]} 55. Rxf6 {[%clk 0:10:14]}  Kf8 {[%clk 0:04:02]} 56. Bd5 {[%clk 0:10:27]}  Ke7 {[%clk 0:04:03]} 57. Ra6 {[%clk 0:10:56]}  Re5 {[%clk 0:04:07]} 58. g4 {[%clk 0:11:10]}  Ne6 {[%clk 0:04:03]} 59. Bxe6 {[%clk 0:09:45]}  Rxe6 {[%clk 0:03:50]} 60. Rxe6+ {[%clk 0:08:29]}  Kxe6 {[%clk 0:03:59]} 61. Kg3 {[%clk 0:08:21]}  Ke5 {[%clk 0:03:12]} 62. g5 {[%clk 0:07:53]}  Kd4 {[%clk 0:00:50]} 63. Kf4 {[%clk 0:08:05]}  Kxc4 {[%clk 0:01:00]} 64. Ke5 {[%clk 0:08:25]} 1-0

[Event "45th FIDE Chess Olympiad Open"]
[Site "Budapest, Hungary"]
[Date "2024.09.22"]
[Round "11"]
[White "Zilleruelo Irizarry, Diego"]
[Black "Berend, Elvira"]
[Result "1/2-1/2"]
[Board "195"]
[WhiteFideId "3101460"]
[BlackFideId "4000510"]
[WhiteTitle "CM"]
[BlackTitle "WGM"]
[WhiteElo "2041"]
[BlackElo "2219"]
[WhiteTeam "Puerto Rico"]
[BlackTeam "Luxembourg"]
[WhiteClock "0:01:01"]
[BlackClock "0:06:57"]
[Variant "Standard"]

1. e4 {[%clk 1:30:56]}  c5 {[%clk 1:30:51]} 2. Nf3 {[%clk 1:31:19]}  d6 {[%clk 1:31:10]} 3. Be2 {[%clk 1:31:29]}  Nf6 {[%clk 1:31:17]} 4. c3 {[%clk 1:31:56]}  g6 {[%clk 1:30:49]} 5. O-O {[%clk 1:31:14]}  Bg7 {[%clk 1:31:09]} 6. Qc2 {[%clk 1:29:56]}  O-O {[%clk 1:31:03]} 7. d4 {[%clk 1:30:04]}  cxd4 {[%clk 1:29:40]} 8. cxd4 {[%clk 1:30:31]}  Nc6 {[%clk 1:29:38]} 9. Nc3 {[%clk 1:30:21]}  Bg4 {[%clk 1:29:06]} 10. Be3 {[%clk 1:30:07]}  Bxf3 {[%clk 1:24:00]} 11. Bxf3 {[%clk 1:28:57]}  e5 {[%clk 1:19:32]} 12. Rfd1 {[%clk 1:25:02]}  Qa5 {[%clk 0:53:12]} 13. a3 {[%clk 1:10:44]}  Rfc8 {[%clk 0:50:47]} 14. Qb3 {[%clk 1:07:45]}  Qc7 {[%clk 0:49:18]} 15. Nb5 {[%clk 0:56:05]}  Qe7 {[%clk 0:48:44]} 16. d5 {[%clk 0:51:07]}  Nd4 {[%clk 0:35:27]} 17. Nxd4 {[%clk 0:33:00]}  exd4 {[%clk 0:35:49]} 18. Bxd4 {[%clk 0:33:09]}  b6 {[%clk 0:30:26]} 19. e5 {[%clk 0:31:19]}  Ne8 {[%clk 0:27:51]} 20. e6 {[%clk 0:28:49]}  f5 {[%clk 0:24:35]} 21. Be2 {[%clk 0:26:15]}  Bxd4 {[%clk 0:22:39]} 22. Rxd4 {[%clk 0:26:43]}  Rc5 {[%clk 0:22:02]} 23. Bb5 {[%clk 0:24:35]}  Nc7 {[%clk 0:20:50]} 24. Bc6 {[%clk 0:24:52]}  Rf8 {[%clk 0:21:13]} 25. Qa4 {[%clk 0:23:22]}  a6 {[%clk 0:20:44]} 26. b4 {[%clk 0:23:04]}  Rc3 {[%clk 0:19:46]} 27. Qd1 {[%clk 0:23:11]}  Nxe6 {[%clk 0:16:38]} 28. Rd3 {[%clk 0:09:42]}  Rxd3 {[%clk 0:13:22]} 29. Qxd3 {[%clk 0:10:10]}  Nc7 {[%clk 0:12:48]} 30. Qd2 {[%clk 0:10:21]}  Qf6 {[%clk 0:12:26]} 31. Re1 {[%clk 0:10:47]}  Rf7 {[%clk 0:12:12]} 32. Qe3 {[%clk 0:11:00]}  b5 {[%clk 0:12:01]} 33. f4 {[%clk 0:07:15]}  Kf8 {[%clk 0:09:07]} 34. Qb6 {[%clk 0:03:58]}  Qc3 {[%clk 0:08:57]} 35. Qe3 {[%clk 0:02:05]}  Qf6 {[%clk 0:09:09]} 36. Kf2 {[%clk 0:01:39]}  Qh4+ {[%clk 0:09:11]} 37. Kg1 {[%clk 0:01:34]}  Qf6 {[%clk 0:09:18]} 38. g3 {[%clk 0:01:44]}  Qb2 {[%clk 0:06:31]} 39. Re2 {[%clk 0:01:46]}  Qa1+ {[%clk 0:06:44]} 40. Kg2 {[%clk 0:02:12]}  Qf6 {[%clk 0:06:32]} 41. Kf2 {[%clk 0:00:49]}  Qa1 {[%clk 0:04:41]} 42. Kg2 {[%clk 0:30:09]}  Qd1 {[%clk 0:34:24]} 43. Re1 {[%clk 0:27:24]}  Qc2+ {[%clk 0:33:20]} 44. Kh3 {[%clk 0:27:46]}  Qb2 {[%clk 0:33:26]} 45. Be8 {[%clk 0:21:06]}  Rg7 {[%clk 0:33:07]} 46. Bc6 {[%clk 0:20:47]}  Rf7 {[%clk 0:31:50]} 47. Bb7 {[%clk 0:19:46]}  Kg7 {[%clk 0:30:22]} 48. Re2 {[%clk 0:17:34]}  Qa1 {[%clk 0:29:58]} 49. Kg2 {[%clk 0:16:42]}  Qd1 {[%clk 0:28:38]} 50. Qc3+ {[%clk 0:15:39]}  Kh6 {[%clk 0:27:25]} 51. Qe1 {[%clk 0:09:01]}  Qd4 {[%clk 0:24:04]} 52. Qd2 {[%clk 0:06:58]}  Qa1 {[%clk 0:22:18]} 53. Re3 {[%clk 0:06:10]}  Qb1 {[%clk 0:18:42]} 54. h3 {[%clk 0:06:23]}  Kg7 {[%clk 0:14:35]} 55. Qc3+ {[%clk 0:05:54]}  Kh6 {[%clk 0:12:34]} 56. Re2 {[%clk 0:01:55]}  Qd1 {[%clk 0:12:14]} 57. Qd2 {[%clk 0:02:22]}  Qa1 {[%clk 0:12:18]} 58. Qb2 {[%clk 0:02:27]}  Qd1 {[%clk 0:12:34]} 59. Qd2 {[%clk 0:01:57]}  Qa1 {[%clk 0:12:55]} 60. Re3 {[%clk 0:02:12]}  Qb1 {[%clk 0:11:05]} 61. Re1 {[%clk 0:01:19]}  Qb3 {[%clk 0:11:23]} 62. Re3 {[%clk 0:01:38]}  Qb1 {[%clk 0:11:44]} 63. g4 {[%clk 0:01:17]}  fxg4 {[%clk 0:08:30]} 64. hxg4 {[%clk 0:01:46]}  Kg7 {[%clk 0:06:33]} 65. f5 {[%clk 0:01:30]}  gxf5 {[%clk 0:06:29]} 66. Re1 {[%clk 0:01:53]}  Qb3 {[%clk 0:06:19]} 67. Qg5+ {[%clk 0:01:49]}  Kh8 {[%clk 0:05:45]} 68. Qd8+ {[%clk 0:01:46]}  Kg7 {[%clk 0:06:06]} 69. Qg5+ {[%clk 0:01:13]}  Kh8 {[%clk 0:06:32]} 70. Qd8+ {[%clk 0:01:05]}  Kg7 {[%clk 0:06:57]} 71. Qg5+ {[%clk 0:01:01]} 1/2-1/2

[Event "45th FIDE Chess Olympiad Open"]
[Site "Budapest, Hungary"]
[Date "2024.09.22"]
[Round "11"]
[White "Gengler, Pierre"]
[Black "Boggiano Pereira, Miguel A."]
[Result "1/2-1/2"]
[Board "196"]
[WhiteFideId "4000714"]
[BlackFideId "3102750"]
[BlackTitle "CM"]
[WhiteElo "2097"]
[BlackElo "2015"]
[WhiteTeam "Luxembourg"]
[BlackTeam "Puerto Rico"]
[WhiteClock "0:24:18"]
[BlackClock "0:19:36"]
[Variant "Standard"]

1. d4 {[%clk 1:30:59]}  d5 {[%clk 1:30:52]} 2. c4 {[%clk 1:31:09]}  c6 {[%clk 1:31:16]} 3. Nc3 {[%clk 1:31:35]}  Nf6 {[%clk 1:31:37]} 4. Nf3 {[%clk 1:30:52]}  e6 {[%clk 1:31:49]} 5. Qc2 {[%clk 1:29:42]}  Nbd7 {[%clk 1:31:57]} 6. e3 {[%clk 1:29:25]}  Bd6 {[%clk 1:32:14]} 7. Bd3 {[%clk 1:23:54]}  dxc4 {[%clk 1:32:26]} 8. Bxc4 {[%clk 1:24:19]}  b5 {[%clk 1:32:46]} 9. Bd3 {[%clk 1:24:35]}  Bb7 {[%clk 1:33:08]} 10. O-O {[%clk 1:23:30]}  O-O {[%clk 1:33:26]} 11. e4 {[%clk 1:22:49]}  e5 {[%clk 1:33:43]} 12. Ne2 {[%clk 1:21:33]}  Re8 {[%clk 1:23:46]} 13. Bg5 {[%clk 1:12:30]}  Qb6 {[%clk 1:11:24]} 14. dxe5 {[%clk 0:53:40]}  Nxe5 {[%clk 1:11:37]} 15. Nxe5 {[%clk 0:53:34]}  Bxe5 {[%clk 1:10:39]} 16. Be3 {[%clk 0:51:49]}  Qc7 {[%clk 1:06:56]} 17. h3 {[%clk 0:49:44]}  Red8 {[%clk 0:54:15]} 18. Rad1 {[%clk 0:43:31]}  c5 {[%clk 0:44:57]} 19. Qxc5 {[%clk 0:26:39]}  Qxc5 {[%clk 0:41:20]} 20. Bxc5 {[%clk 0:23:25]}  Nxe4 {[%clk 0:41:30]} 21. Be7 {[%clk 0:16:32]}  Re8 {[%clk 0:36:46]} 22. Ba3 {[%clk 0:16:49]}  a6 {[%clk 0:35:55]} 23. f3 {[%clk 0:16:33]}  Nf6 {[%clk 0:30:07]} 24. b3 {[%clk 0:13:55]}  Nd5 {[%clk 0:21:43]} 25. Be4 {[%clk 0:12:46]}  Rad8 {[%clk 0:19:27]} 26. Bc5 {[%clk 0:13:10]}  g6 {[%clk 0:17:50]} 27. f4 {[%clk 0:10:19]}  Bg7 {[%clk 0:12:14]} 28. Bf3 {[%clk 0:10:45]}  Ba8 {[%clk 0:11:06]} 29. Rd3 {[%clk 0:07:43]}  Nf6 {[%clk 0:11:11]} 30. Rxd8 {[%clk 0:07:37]}  Rxd8 {[%clk 0:11:35]} 31. Bxa8 {[%clk 0:07:52]}  Rxa8 {[%clk 0:11:59]} 32. Rd1 {[%clk 0:07:09]}  Ne4 {[%clk 0:11:36]} 33. Bb6 {[%clk 0:07:14]}  Bf6 {[%clk 0:10:36]} 34. g4 {[%clk 0:07:18]}  h6 {[%clk 0:09:14]} 35. Kg2 {[%clk 0:06:35]}  Rb8 {[%clk 0:08:10]} 36. Be3 {[%clk 0:06:39]}  Be7 {[%clk 0:02:26]} 37. Kf3 {[%clk 0:06:19]}  Nf6 {[%clk 0:02:55]} 38. Rc1 {[%clk 0:05:45]}  Nd5 {[%clk 0:02:46]} 39. Bd4 {[%clk 0:05:40]}  Ba3 {[%clk 0:02:25]} 40. Rc6 {[%clk 0:05:21]}  Nb4 {[%clk 0:01:54]} 41. Rd6 {[%clk 0:28:33]}  Rc8 {[%clk 0:24:09]} 42. Bf6 {[%clk 0:26:39]}  Nc6 {[%clk 0:19:36]} 43. Rd7 {[%clk 0:24:18]} 1/2-1/2

[Event "45th FIDE Chess Olympiad Open"]
[Site "Budapest, Hungary"]
[Date "2024.09.22"]
[Round "11"]
[White "Ferster, Fabian"]
[Black "Bagheri, Amir"]
[Result "1/2-1/2"]
[Board "197"]
[WhiteFideId "4695330"]
[BlackFideId "12500283"]
[BlackTitle "GM"]
[WhiteElo "2184"]
[BlackElo "2372"]
[WhiteTeam "Liechtenstein"]
[BlackTeam "Monaco"]
[WhiteClock "0:34:39"]
[BlackClock "0:04:39"]
[Variant "Standard"]

1. c4 {[%clk 1:30:52]}  c6 {[%clk 1:28:42]} 2. g3 {[%clk 1:31:04]}  d5 {[%clk 1:29:05]} 3. Nf3 {[%clk 1:31:29]}  Nf6 {[%clk 1:29:11]} 4. Bg2 {[%clk 1:31:53]}  Bf5 {[%clk 1:28:52]} 5. Qb3 {[%clk 1:32:15]}  Qb6 {[%clk 1:28:22]} 6. d3 {[%clk 1:32:34]}  dxc4 {[%clk 1:11:59]} 7. Qxc4 {[%clk 1:31:42]}  Nbd7 {[%clk 1:10:22]} 8. Nc3 {[%clk 1:24:29]}  e6 {[%clk 1:09:07]} 9. O-O {[%clk 1:21:14]}  Qb4 {[%clk 0:58:51]} 10. Qxb4 {[%clk 1:08:22]}  Bxb4 {[%clk 0:58:25]} 11. Nh4 {[%clk 1:08:28]}  Bg6 {[%clk 0:49:14]} 12. a3 {[%clk 1:07:53]}  Be7 {[%clk 0:48:12]} 13. Nxg6 {[%clk 1:05:36]}  hxg6 {[%clk 0:48:21]} 14. b4 {[%clk 1:05:37]}  a6 {[%clk 0:39:49]} 15. Bd2 {[%clk 0:59:55]}  Nb6 {[%clk 0:37:15]} 16. Rab1 {[%clk 0:58:21]}  Nfd5 {[%clk 0:30:46]} 17. Ne4 {[%clk 0:58:23]}  Na4 {[%clk 0:23:34]} 18. Nc5 {[%clk 0:46:03]}  Nxc5 {[%clk 0:10:41]} 19. bxc5 {[%clk 0:46:09]}  O-O-O {[%clk 0:10:45]} 20. Rfc1 {[%clk 0:42:24]}  Rd7 {[%clk 0:09:54]} 21. Rb3 {[%clk 0:41:12]}  Kb8 {[%clk 0:09:30]} 22. d4 {[%clk 0:29:08]}  Ka7 {[%clk 0:09:07]} 23. Rcb1 {[%clk 0:28:54]}  Bd8 {[%clk 0:08:54]} 24. e4 {[%clk 0:25:15]}  Nf6 {[%clk 0:08:47]} 25. d5 {[%clk 0:25:30]}  Be7 {[%clk 0:06:41]} 26. dxc6 {[%clk 0:14:08]}  bxc6 {[%clk 0:07:03]} 27. Be3 {[%clk 0:12:25]}  Ng4 {[%clk 0:06:07]} 28. e5 {[%clk 0:08:30]}  Rc8 {[%clk 0:05:46]} 29. Bd4 {[%clk 0:07:51]}  Rcc7 {[%clk 0:05:01]} 30. h3 {[%clk 0:04:14]}  Nh6 {[%clk 0:02:53]} 31. Rb6 {[%clk 0:01:00]}  Rxd4 {[%clk 0:03:02]} 32. Bxc6 {[%clk 0:01:24]}  Bxc5 {[%clk 0:02:43]} 33. Rb7+ {[%clk 0:01:30]}  Rxb7 {[%clk 0:03:08]} 34. Rxb7+ {[%clk 0:01:55]}  Ka8 {[%clk 0:03:32]} 35. Rb5+ {[%clk 0:02:03]}  Ka7 {[%clk 0:03:55]} 36. Rb7+ {[%clk 0:02:28]}  Ka8 {[%clk 0:04:22]} 37. Rb5+ {[%clk 0:00:59]}  Ka7 {[%clk 0:04:39]} 38. Rb7+ {[%clk 0:34:39]} 1/2-1/2